| 000 | 00727nam a22002297a 4500 | ||
|---|---|---|---|
| 003 | 0 | ||
| 005 | 20250929173826.0 | ||
| 008 | 250926b xxu||||| |||| 00| 0 eng d | ||
| 020 | _a978-1-83683-194-5 | ||
| 050 |
_aHD 42 _b.K56 2025 |
||
| 100 |
_aKincaid, Jasper, _eauthor. |
||
| 245 |
_aConflict management solutions / _cJasper Kincaid. |
||
| 250 | _aFirst edition. | ||
| 260 |
_aLondon, UK : _bVintage Press Ltd, _c2025. |
||
| 300 |
_aix, 266 pages ; _c24 cm. |
||
| 504 | _aIncludes bibliographical references and index. | ||
| 650 | _aConflict management. | ||
| 650 | _aMediation and conciliation, Industrial. | ||
| 650 | _aOrganizational behavior. | ||
| 650 |
_aInterpersonal conflict _xManagement. |
||
| 942 |
_2lcc _cBK |
||
| 999 |
_c368122 _d368122 |
||